000 00504nam a2200169 i 4500
001 96043
003 ES-MaACL
005 20250317063058.0
007 t|
008 050609s1962 ve ||||1| spa d
100 1 _aMachiavelli, Niccolò,
_d1469-1527
_975181
245 1 3 _aEl príncipe /
_cpor Nicolás Maquiavelo. Secretario y ciudadano de Florencia.
260 _aCaracas :
_bEdime,
_c1962.
300 _a144 p. ;
_c18 cm.
852 _aES-MaACL
_jC-24554
_bR.50780
999 _c96043
_d96043